• 首页
  • 本馆介绍
  • 公告通知
  • 最新文献
  • 馆藏检索
  • 电子资源
  • 读者导购
  • 参考咨询
  • 我的图书馆
  • 登录
  • 详细信息显示
  • 放入我的书架
  • 预约/预借图书
  • 作者相关作品
  • 分类相关作品
  • 丛书相关作品
  • 出版社相关作品

书目信息

  • 表格格式
  • 工作单格式
  • 卡片格式
题名:
双喜临门
    
 
作者: 金宝 , 钟颖 编
分册:  
出版信息: 北京   文化艺术出版社  1982
页数: 116页
开本: 19cm
丛书名: 农村文化小丛书
单 册:
中图分类: I219
科图分类:
主题词: 文艺演唱--中国--现代--选集
电子资源:
ISBN:
000 00689nam2 2200265 45
001 0182004461
005 20060912094648.35
010    @dCNY0.40
091    @aCN@b8228.029
100    @a19950629d1982 em y0chiy0121 ea
101 0  @achi
102    @aCN@b110000
105    @ay z 000by
200 10 @a双喜临门@Ashuang xi lin men@f钟颖,金宝编
210    @a北京@c文化艺术出版社@d1982
215    @a116页@d19cm
225 2  @a农村文化小丛书
410  0 @120010@a农村文化小丛书
606    @a文艺演唱@y中国@z现代@x选集
690    @aI219@v3
701  0 @a金宝@Ajin bao@4编
701  0 @a钟颖@Azhong ying@4编
801  2 @aCN@bNLC@c20060912
801  0 @aCN@bTSSF
905    @a10447@dI219@e11
    
    双喜临门/钟颖,金宝编.-北京:文化艺术出版社,1982
    116页;19cm.-(农村文化小丛书)
    
    
    ISBN :CNY0.40
    
●
相关链接 在E读中查询图书 在五车中查询图书 在当当中查询图书 在豆瓣中查询图书


正题名:双喜临门     索取号:I219/11         预约/预借

序号 登录号 条形码 馆藏地/架位号 状态 备注
1 0472222   204722229   密集书库/ [索取号:I219/11] 在馆    
唐山师范学院图书馆 欢迎您!
大连网信软件有限公司© 版权所有